Democracy and the next American economy : (Registro nro. 262499)

Detalles MARC
000 -LEADER
fixed length control field 02013nam a2200517 i 4500
001 - CONTROL NUMBER
control field DIGARTEP0388
003 - CONTROL NUMBER IDENTIFIER
control field NyNyDIG
007 - PHYSICAL DESCRIPTION FIXED FIELD--GENERAL INFORMATION
fixed length control field cr |||||||||||
008 - FIXED-LENGTH DATA ELEMENTS--GENERAL INFORMATION
fixed length control field 221219s2019 txu ob 000 0 eng d
006 - FIXED-LENGTH DATA ELEMENTS--ADDITIONAL MATERIAL CHARACTERISTICS
fixed length control field m o d
035 ## - SYSTEM CONTROL NUMBER
System control number (OCoLC)1079410097
040 ## - CATALOGING SOURCE
Original cataloging agency DGITA
Language of cataloging eng
Description conventions rda
-- pn
Transcribing agency DGITA
020 ## - INTERNATIONAL STANDARD BOOK NUMBER
International Standard Book Number 9781518505720
Qualifying information eBook
-- pdf
020 ## - INTERNATIONAL STANDARD BOOK NUMBER
International Standard Book Number 9781518505706
Qualifying information eBook
-- ePub
020 ## - INTERNATIONAL STANDARD BOOK NUMBER
Canceled/invalid ISBN 9781558858763
043 ## - GEOGRAPHIC AREA CODE
Geographic area code n-us---
050 14 - LIBRARY OF CONGRESS CALL NUMBER
Classification number JK1726 ebook
082 14 - DEWEY DECIMAL CLASSIFICATION NUMBER
Classification number 330.973
100 1# - MAIN ENTRY--PERSONAL NAME
Personal name Ramos, Henry A. J.,
Dates associated with a name 1959-
Relator term author.
245 10 - TITLE STATEMENT
Title Democracy and the next American economy :
Remainder of title where prosperity meets justice /
Statement of responsibility, etc. Henry A.J. Ramos ; foreword by Anthony D. Romero.
264 #1 - PRODUCTION, PUBLICATION, DISTRIBUTION, MANUFACTURE, AND COPYRIGHT NOTICE
Place of production, publication, distribution, manufacture Houston, Texas :
Name of producer, publisher, distributor, manufacturer Arte Público Press,
Date of production, publication, distribution, manufacture, or copyright notice [2019]
300 ## - PHYSICAL DESCRIPTION
Extent 1 online resource.
336 ## - CONTENT TYPE
Content type term text
Content type code txt
Source rdacontent
337 ## - MEDIA TYPE
Media type term computer
Media type code c
Source rdamedia
338 ## - CARRIER TYPE
Carrier type term online resource
Carrier type code cr
Source rdacarrier
347 ## - DIGITAL FILE CHARACTERISTICS
File type text file
Source rdaft
347 ## - DIGITAL FILE CHARACTERISTICS
Encoding format PDF
347 ## - DIGITAL FILE CHARACTERISTICS
Encoding format EPUB
504 ## - BIBLIOGRAPHY, ETC. NOTE
Bibliography, etc. note Includes bibliographical references.
588 0# - SOURCE OF DESCRIPTION NOTE
Source of description note Online resource; title from PDF title page (Digitalia, viewed December 19, 2022)
650 #0 - SUBJECT ADDED ENTRY--TOPICAL TERM
Topical term or geographic name entry element Democracy
Geographic subdivision United States.
650 #0 - SUBJECT ADDED ENTRY--TOPICAL TERM
Topical term or geographic name entry element Democracy
General subdivision Economic aspects
Geographic subdivision United States.
650 #0 - SUBJECT ADDED ENTRY--TOPICAL TERM
Topical term or geographic name entry element Polarization (Social sciences)
Geographic subdivision United States.
650 #0 - SUBJECT ADDED ENTRY--TOPICAL TERM
Topical term or geographic name entry element Income distribution
Geographic subdivision United States.
650 #0 - SUBJECT ADDED ENTRY--TOPICAL TERM
Topical term or geographic name entry element Violence
Geographic subdivision United States.
650 #0 - SUBJECT ADDED ENTRY--TOPICAL TERM
Topical term or geographic name entry element Social justice
Geographic subdivision United States.
651 #0 - SUBJECT ADDED ENTRY--GEOGRAPHIC NAME
Geographic name United States
General subdivision Economic conditions
Chronological subdivision 21st century.
655 #7 - INDEX TERM--GENRE/FORM
Genre/form data or focus term Short stories.
Source of term lcgft
700 1# - ADDED ENTRY--PERSONAL NAME
Personal name Romero, Anthony D.,
Relator term contributor agent of text.
791 2# -
-- Digitalia (Firm),
-- distributor.
793 0# -
-- Digitalia eBook Collection:
-- Arte Publico Press
776 08 - ADDITIONAL PHYSICAL FORM ENTRY
Relationship information Print version:
Main entry heading Ramos, Henry A. J., 1959-
Title Democracy and the next American economy.
Place, publisher, and date of publication Houston, Texas : Arte Público Press, [2019]
International Standard Book Number 9781558858763
856 40 - ELECTRONIC LOCATION AND ACCESS
Materials specified Digitalia Hispánica
Uniform Resource Identifier <a href="https://www.digitaliapublishing.com/a/68556/">https://www.digitaliapublishing.com/a/68556/</a>
910 ## - USER-OPTION DATA (OCLC)
User-option data Premium collection: 2022
942 ## - ADDED ENTRY ELEMENTS (KOHA)
Koha item type Recurso Electrónico
Existencias
Withdrawn status Lost status Damaged status Not for loan Collection Home library Current library Date acquired Total checkouts Date last seen Price effective from Koha item type
        Digitalia Ebooks Hispanica Biblioteca Digital UIN Biblioteca Digital UIN 04/25/2025   04/25/2025 04/25/2025 Recurso Electrónico

CONTACTO


NOSOTROS


SITIOS DE INTERES

coordinacion.biblioteca.biblioteca@unienlinea.mx Misión, Visión y Objetivos Bases de datos
Directorio Bibliotecas Digitales y Repositorios
Normatividad Revistas y artículos
Convenios interbibliotecarios
Boletines



Hecho en México. Universidad Insurgentes (UIN). Todos los derechos reservados 2024. Esta página y sus contenidos pueden ser reproducidos con fines no lucrativos, siempre y cuando no se mutile, se cite la fuente completa y su dirección electrónicas. De otra forma requiere permiso previo por escrito de la institución




2024 Copyright Universidad Insurgentes | www.bibliouin.com.mx